Films avec Stallone - Statistiques

Statistiques générales
  • Ce quiz a été pris 969 fois
  • Le résultat moyen est 16 sur 45
Statistiques - réponses
Hint Réponse % Correct
1976 Rocky
99%
1982 Rambo
95%
1979 Rocky 2
95%
1982 Rocky 3
94%
1985 Rocky4
93%
1985 Rambo 2
91%
1988 Rambo 3
91%
1990 Rocky 5
87%
2010 Expendables
69%
2012 Expendables 2
65%
2014 Expendables 3
61%
2006 Rocky Balboa
61%
1993 Demolition man
45%
2008 John Rambo
43%
1993 Cliffhanger
40%
1986 Cobra
39%
1989 Tango et Cash
37%
1992 Arrete ou ma mere va tirer
33%
1995 Judge Dredd
33%
1987 Over the top
33%
2013 Evasion
32%
1996 Daylight
28%
1997 Cop land
27%
1970 L'étalon italien
25%
1989 Haute securite
23%
1994 L'expert
21%
1995 Assassins
18%
2001 Driven
18%
2012 Du plomb dans la tête
17%
1981 A nous la victoire
14%
1978 Fist
14%
2000 Get Carter
14%
2014 Match retour
12%
1978 La taverne de l'enfer
11%
1980 Les faucons de la nuit
11%
1975 La course à la mort
9%
1991 L'embrouille est dans le sac
9%
2003 Spy kids 3
9%
2001 D-tox
5%
2002 Mafia love
5%
1974 Les mains dans les poches
4%
2014 Bad luck
3%
1970 Rebel
3%
1984 New York cowboy
2%
2003 The shade
1%
Aucun quiz correspondant
Distribution des résultats
% des personnes avec chaque résultat
Percentile par nombre de réponses
Votre historique - résultats
Vous n’avez pas pris ce quiz